000 00682nam a2200217 a 4500
005 20240210063839.0
008 060307s2004 mx r 000 0 spa d
020 _a8449313686
035 _aUPN01000143015
049 _aCG
050 4 _aHD61
_bB6.6
100 1 _aBorge, Dan
245 1 3 _aEl pequeño gran libro del riesgo :
_bclaves para comprender la inversión en bolsa /
_cDan Borge ; tr. Claudia Casanova.
260 _aBarcelona, Esp. :
_bPaidós,
_c2004.
300 _a234 p.
440 0 _aPaidós plural ;
_v31
534 _pTítulo original:
_tThe book of risk
650 4 _aAdministración de riesgos
_93107
650 4 _aRIESGO (PSICOLOGIA)
_93106
905 _aLibro
999 _c115162
_d115162